Los Angeles True or False? - Statistics

General Stats
  • This quiz has been taken 92 times
  • The average score is 8 of 15
Answer Stats
Question Answer % Correct
Los Angeles is the capital of California False
77%
Los Angeles has twice hosted the Summer Olympics True
77%
Los Angeles contains several other enclave cities within its boundaries True
69%
Los Angeles has never had a black mayor False
62%
The LAPD is the largest police department in the United States False
62%
Leonardo di Caprio, Angelina Jolie and Jake Gyllenhaal were all born in Los Angeles True
62%
You can travel by bullet train from Los Angeles to San Francisco False
54%
Los Angeles County has never voted for a Republican presidential candidate False
54%
Los Angeles is home to the largest Korean population in North America True
54%
Los Angeles to New York is the busiest air passenger route in the United States True
54%
The sitcoms Friends and Seinfeld, while set in New York, were filmed in Los Angeles True
54%
It occasionally snows in central Los Angeles True
38%
Wilshire Grand Center is the tallest building on the West Coast of the United States True
38%
Los Angeles overtook Chicago to become America's second-largest city in the 1940s False
31%
Most Angelenos are Christian True
31%
No matching quizzes found
Score Distribution
Percent of People with Each Score
Percentile by Number Answered
Your Score History
You have not taken this quiz